Kształty państw do góry nogami #11 - Statystyki

Ogólne statystyki
  • Ten quiz został rozwiązany 113 razy
  • Średni wynik to 8 z 14
Statystyki odpowiedzi
Obrazkowy Odpowiedź % Poprawnych
Tajlandia
86%
Kazachstan
85%
Cypr
82%
Madagaskar
69%
Jemen
65%
Białoruś
63%
Słowenia
63%
Wybrzeże Kości Słoniowej
48%
Nauru
44%
Belize
41%
Surinam
35%
Uganda
34%
Komory
29%
Grenada
23%
Nie znaleziono quizów pasujących do podanych kryteriów
Rozkład punktacji
Procent ludzi z każdym wynikiem
Percentyl według liczby udzielonych odpowiedzi
Twoja historia wyników
Nie rozwiązałeś tego quizu